| 000 | 00764cam a22002654a 4500 | ||
|---|---|---|---|
| 999 |
_c7335 _d7335 |
||
| 001 | 7335 | ||
| 003 | BD-JhCC | ||
| 005 | 20180208084427.0 | ||
| 008 | 070131s2007 caua b 000 0 eng | ||
| 020 | _a9780979301483 (hbk. : alk. paper) | ||
| 035 | _a(BD-JhCC)7335 | ||
| 040 |
_aDLC _cDLC _dDLC _dBD-JhCC |
||
| 041 | _aeng | ||
| 050 | 0 | 0 |
_aHG4661 _b.W56 2007 |
| 082 | 0 | 0 |
_a332.63/225 _222 _bWIN 2007 |
| 100 | 1 | _aWinans, Kenneth G. | |
| 245 | 1 | 0 |
_aPreferreds : _bWall Street's best-kept income secret / _cby Kenneth G. Winans. |
| 260 |
_aNovato, CA : _bKGW Pub., _c2007. |
||
| 300 |
_a208 p. : _bill. ; _c24 cm. |
||
| 504 | _aIncludes bibliographical references. | ||
| 650 | 0 | _aPreferred stocks. | |
| 650 | 0 | _aSpeculation. | |
| 942 |
_2ddc _cBK |
||